Place Names in BRUCE SPRINGSTEEN Song Titles - Statistics

General Stats
  • This quiz has been taken 247 times
  • The average score is 7 of 14
Answer Stats
Song Year PLACE NAME % Correct
Born in the _._._. 1984 USA
98%
Streets of ____________ 1994 Philadelphia
92%
__________ County 1984 Darlington
83%
4th of July, ______ ____ (Sandy) 1975 Asbury Park
76%
Mary Queen of ________ 1973 Arkansas
71%
___ ____ ____ Serenade 1975 New York City
67%
_______ Medley 2006 Detroit
34%
____ Canal 2006 Erie
34%
_______ Cowboys 1995 Sinaloa
30%
_________ Bay 1995 Galveston
29%
My ________ Home 2006 Oklahoma
26%
A Good Man is Hard to Find (__________) 1998 Pittsburgh
21%
_______ Gals 2006 Buffalo
20%
_________ Banks 2005 Matamoros
16%
No matching quizzes found
Score Distribution
Percent of People with Each Score
Percentile by Number Answered
Your Score History
You have not taken this quiz